Регионална библиотека "Любен Каравелов" - Русе

Съчинения (Запис номер 160467)

MARC детайли
000 -Лидер
Контролно поле с фиксирана дължина nam a22 a 4500
003 - Код на организацията, давaща контролен номер
Контролно поле BLK
005 - Дата и час на последна редакция
Контролно поле 20211020090445.0
008 - Елементи от данни с фиксирана дължина
fixed length control field 180410b bul|||||r ||||||| ||bul||
010 ## - Наследен системен номер
LC control number KNG00167678000
040 ## - Източник на каталожния запис
Идентификатор на билиотеката - собственик на записа BLK
041 ## - Код за език
Код за езика на текст/звукозапис или на отделно заглавие Български
Код за езика КДБФ Български
080 ## - УДК
Текстов определител УДК Социалистически школи и системи. Вж и 330.8
УДК код - определител по УДК 141.8
УДК определител (081.1)
УДК - код + определител 141.8(081.1)
100 1# - Редна дума - Автор
Автор Маркс, Карл
Авторска отговорност първи автор
R(LIN) 365572
139 ## - Редно поле
Редна дума Маркс, Карл и др.
Авторски знак Марк - М 32
245 10 - Сведения за заглавието
Заглавие Съчинения
Подзаглавни данни Т. 1 -
Редно поле (дума) Карл Маркс; съавт. Фридрих Енгелс; прев. на том Лазар Младенов; прев. на том Цветан Драгнев.
Том Т. 25. Ч. 2
257 ## - Страна на издаване
Страна на създаване/издаване Германия
260 ## - Област на издателските данни
Име на издателя, разпространителя и проч. БКП
Година на издаване 1957 -
Печатница София : Д. Благоев
Място на издаване, разпространение и проч. София
300 ## - Физическа характеристика
Размери/Мащаб 23 см
Страници 4, 524 с.
Илюстрации и др. с факс.
380 ## - Жанр
Жанр Философия
500 ## - Общи забележки
Забележка Загл. на рус. ез. Сочинения ; Ориг. загл. на нем. ез.
650 #4 - Допълнително описание по предмет – тема
Основно описание – тема или топоним Научен комунизъм
9 (RLIN) 253121
650 #4 - Допълнително описание по предмет – тема
Основно описание – тема или топоним Марксизъм-ленинизъм - философия
9 (RLIN) 277200
653 ## - Ключова дума – ненормативна
Ключова дума научен комунизъм
653 ## - Ключова дума – ненормативна
Ключова дума марксизъм
653 ## - Ключова дума – ненормативна
Ключова дума ленинизъм
700 1# - Други автори (авторска отговорност)
Лично име Енгелс, Фридрих
Автороска отговорност (Описва отношението между автора и произведението) съавт.
9 (RLIN) 374147
700 1# - Други автори (авторска отговорност)
Лично име Младенов, Лазар
Автороска отговорност (Описва отношението между автора и произведението) прев. на том
9 (RLIN) 367242
700 1# - Други автори (авторска отговорност)
Лично име Драгнев, Цветан
Автороска отговорност (Описва отношението между автора и произведението) прев. на том
9 (RLIN) 381653
760 1# - Описание на основната серия
Редна дума на основното описание Маркс, Карл
Място на издаване, издател и година 1969
Страници - том 4, 524 с. : с факс.
Заглавие Т. 25. Ч. 2
852 ## - Местоположение
Форматна сигнатура Цб 5860
856 4# - Електронен адрес и достъп
Електронен формат pdf - файл
856 4# - Електронен адрес и достъп
Електронен формат pdf - файл
999 ## - СИСТЕМНИ КОНТРОЛНИ НОМЕРА
Koha biblionumber 160467
Koha biblioitemnumber 160467
942 ## - АРТИКУЛИ
Вид на библиотечния материал Книги
Скрит в OPAC Не
Периодичен библиозапис Да
944 ## - СЪЗДАВАНЕ И РЕДАКЦИЯ на ЗАПИСА
Създаване/Редакция Създаване
Дата на регистрацията/редакция 26.11.2014
Служител, извършил регистрацията/редакцията Милена_Ачева
944 ## - СЪЗДАВАНЕ И РЕДАКЦИЯ на ЗАПИСА
Създаване/Редакция Редакция
Дата на регистрацията/редакция 26.11.2014
Служител, извършил регистрацията/редакцията Милена_Ачева
999 ## - СИСТЕМНИ КОНТРОЛНИ НОМЕРА
Koha biblioitemnumber 160467
Наличности
Код за отписване Код за изгубен артикул Източник на класификационната схема Код за повреда Коз за рестрикции Код за отдаване Артикулен № Име на библиотеката - собственик Име на библиотеката, в която се намира в момента Статус (Текущо местоположение) Дата на вписване в системата Местоположение - отдел Цена в лева Инвентарен номер Систематично азбучна сигнатура Баркод Номер на екземпляра Цена в евро Служебна бележка Служебен тип на артикула
  Не е изгубен Universal Decimal Classification Не е повреден само за читалня ползва се в читалня 268177 Регионална библиотека "Любен Каравелов" Русе Регионална библиотека "Любен Каравелов" Русе Хранилище 1969-01-01 Основен фонд - ползва се само за читалня 1.58 56674 Цб 5860 120000056674 1 0.81 Дост: Dp Вид: Д N: стар фонд Дата: 01.01.1969 Книги
Vip Innovations Ltd, Rousse, Bulgaria 2025